000 00413nam a2200181Ia 4500
001 13501
005 20260306164805.0
008 260306t2001||||xx |||||||||||||| ||spa||
041 _aESP
082 _a004.6
_bB24
100 _aBarba Martí, Antoni
_eAUT
245 0 _aGestión de red
260 _c2001
300 _a231 páginas :
_c25 cm.
650 _aGEN
654 _aCCC
942 _cLIB
_dJUS
_fJUS
_2ddc
_n
999 _c13501
_d13501